| 000 | 00407nam a22001697a 4500 | ||
|---|---|---|---|
| 003 | CEME | ||
| 005 | 20210628203452.0 | ||
| 008 | 210201b xxu||||| |||| 00| 0 eng d | ||
| 040 | _c. | ||
| 082 | _a297 BAG | ||
| 100 |
_a Bagh Hussain Kamal _965635 |
||
| 245 | _aHal-e-safar | ||
| 260 |
_aLAHORE _bISLAMIC PUBLICATIONS _c2001 |
||
| 300 | _a191P | ||
| 650 |
_aISLAM-HAL-E-SAFAR _965636 |
||
| 942 |
_cBK _2ddc |
||
| 999 |
_c573790 _d573790 |
||